000 00646nam a2200241Ia 4500
003 OSt
005 20220925191757.0
006 a|||||r|||| 00| 0
007 ta
008 220923b |||||||| |||| 00| 0 eng d
037 _cGeneral Book
040 _aRTL
_cRTL
_beng
041 _2eng
_aeng
082 _aNA2, L6
100 _aBrown Percy
_9209
245 0 _aIndian architecture
_b Buddhist and Hindu period
250 _aEd 3rd
260 _aBombay
_bTaraporeval India
_c1976
300 _axiv,216p.
_ccm.
650 _aFine Arts
_934717
942 _hNA2, L6
_cGB
_2CC
999 _c519819
_d519819